Statistics for 10 Scariest Movies of All Time

Click here to take the quiz!

General Stats

  • This quiz has been taken 129 times
  • The average score is 6 of 10

Answer Stats

YearHintAnswer% Correct
1960Alfred HitchcockPsycho
82%
1980Stanley KubrickThe Shining
73%
1973William FriedkinThe Exorcist
70%
1975Steven SpielbergJaws
69%
1978Ridley ScottAlien
68%
1978John CarpenterHalloween
65%
1968George RomeroNight of the Living Dead
49%
1968Roman PolanskiRosemary's Baby
49%
1974Tobe HooperThe Texas Chainsaw Massacre
46%
1982John CarpenterThe Thing
43%

Score Distribution

Percentile by Number Answered

Percent of People with Each Score

Your Score History

You have not taken this quiz